Black-Scholesov model oceňovania opcií

Pokračovanie príspevku z predchádzajúceho čísla. Blackov a Scholesov model oceňovania opčných kontraktov ako základný predpoklad na ocenenie pre opčné kontrakty na ľubovoľné podkladové aktívum (akciu, úrokovú mieru, cudziu menu, atď.).:

Na minha lista:
Detalhes bibliográficos
Autor principal: Demjan, Valér
Formato: Capítulo de Livro
Idioma:eslovaco
Assuntos:
Tags: Adicionar Tag
Sem tags, seja o primeiro a adicionar uma tag!

MARC

LEADER 00000nla$a2200000$$$4500
001 0055578
005 20231121080739.6
041 0 |a slo 
044 |a SK 
245 1 0 |a Black-Scholesov model oceňovania opcií  |c Valér Demjan 
520 |a Pokračovanie príspevku z predchádzajúceho čísla. Blackov a Scholesov model oceňovania opčných kontraktov ako základný predpoklad na ocenenie pre opčné kontrakty na ľubovoľné podkladové aktívum (akciu, úrokovú mieru, cudziu menu, atď.).: 
610 2 0 |a kontrakty 
610 2 0 |a opcie 
610 2 0 |a oceňovanie 
610 2 0 |a miera úroková 
610 2 0 |a modely ekonomicko-matematické 
610 2 0 |a trh kapitálový 
610 2 0 |a dividendy 
610 2 0 |a akcie 
100 1 |a Demjan, Valér